000
00308nam a22001337a 4500
008
170817b xxu||||| |||| 00| 0 eng d
020
_a
9780871505040
041
_a
eng
080
_a
51
100
_a
36
101
_a
MAT
245
_a
CALCULUS WITH ANALYTIC GEOMETRY
_c
SWOLOWSKI.E.W
942
_2
udc
_c
BK
999
_c
23828
_d
23828